| 000 | 00637nam a2200229Ia 4500 | ||
|---|---|---|---|
| 005 | 20221116152736.0 | ||
| 008 | 131103s9999 xx 000 0 und d | ||
| 040 | _aLoreto College | ||
| 041 | _aEnglish | ||
| 082 |
_a821.7 _bKEA-ING |
||
| 100 | _aIglis,Fred | ||
| 245 |
_aKeats _cFred Inglis |
||
| 260 |
_aLondon _bEvans Brothers _c1966 |
||
| 300 |
_a159 p. _b ill. |
||
| 440 | _aLiterature In Perspective | ||
| 504 | _aIncludes bibliographical references and index | ||
| 650 | _aEnglish Poetry | ||
| 651 | _aKeats,John - Criticism and Interpretation | ||
| 700 | _aGrose,Kenneth H.,series ed. | ||
| 850 | _aLCLIB | ||
| 942 | _cBK | ||
| 999 |
_c5918 _d56397 |
||